| 000 | 01306nam a22002297a 4500 | ||
|---|---|---|---|
| 005 | 20220420125012.0 | ||
| 008 | 220309b ||||| |||| 00| 0 eng d | ||
| 020 | _a9789389702385 | ||
| 040 | _cAL | ||
| 041 | _aeng | ||
| 082 |
_223 _a615.854 _bKATS |
||
| 100 |
_aDavid L Katz _923234 |
||
| 245 |
_aSouth Asian edition of nutrition in clinical Practice _bA comprehensive evidence based manual for the practitioner |
||
| 250 | _a3rd ed. | ||
| 260 |
_aNew Delhi _bWolters Kluwer _c2019 |
||
| 300 |
_axxi,730p, _bPB _c25.3x17cm. |
||
| 365 |
_2General _aVBI-1343 _b₹1649.25 _c₹ _d₹2199.00 _e25 _f21-02-2022 |
||
| 520 | _aWritten by one of America's foremost authorities in preventive medicine, Nutrition in Clinical Practice is the practical, comprehensive, evidence-based reference that all clinicians need to offer patients effective, appropriate dietary counseling. Each chapter concludes with concise guidelines for counseling and treatment, based on consensus and the weight of evidence. Appendices include clinically relevant formulas, nutrient data tables, patient-specific meal planners, and print and Web-based resources for clinicians and patients. | ||
| 650 |
_2Pharmacology _aPharmacology and therapeutics _923235 |
||
| 700 |
_aFriedman, Rachel S C; Lucan, Sean C _923236 |
||
| 942 |
_2ddc _cBK |
||
| 999 |
_c221796 _d221796 |
||